[Event "EYCC 2024 - O14"]
[Site "?"]
[Date "2024.08.25"]
[Round "4.10"]
[White "Nemitz, Alfred"]
[Black "Kulich, Filip"]
[Result "1-0"]
[BlackElo "1965"]
[WhiteElo "2201"]
[LiveChessVersion "1.4.8"]

1. d4 {[%clk 1:30:58]} d5 {[%clk 1:30:45]} 2. c4 {[%clk 1:29:09]} e6
{[%clk 1:30:36]} 3. Nc3 {[%clk 1:29:30]} Be7 {[%clk 1:30:19]} 4. cxd5
{[%clk 1:27:48]} exd5 {[%clk 1:29:36]} 5. Bf4 {[%clk 1:28:13]} Nf6
{[%clk 1:27:45]} 6. e3 {[%clk 1:28:30]} O-O {[%clk 1:25:43]} 7. Qc2
{[%clk 1:28:35]} c5 {[%clk 1:22:14]} 8. dxc5 {[%clk 1:25:38]} Bxc5
{[%clk 1:19:54]} 9. Rd1 {[%clk 1:24:53]} Nc6 {[%clk 1:13:16]} 10. Nf3
{[%clk 1:20:16]} Bg4 {[%clk 1:07:41]} 11. Be2 {[%clk 1:13:41]} Rc8
{[%clk 1:03:33]} 12. O-O {[%clk 1:07:40]} Qe7 {[%clk 0:50:14]} 13. a3
{[%clk 1:00:44]} Bxf3 {[%clk 0:43:43]} 14. Bxf3 {[%clk 1:00:50]} d4
{[%clk 0:44:02]} 15. Na4 {[%clk 0:56:14]} Ne5 {[%clk 0:42:03]} 16. Bxb7
{[%clk 0:45:59]} Qxb7 {[%clk 0:31:39]} 17. Nxc5 {[%clk 0:41:26]} d3
{[%clk 0:26:01]} 18. Qc3 {[%clk 0:38:59]} Qb5 {[%clk 0:25:39]} 19. b4
{[%clk 0:39:13]} Ned7 {[%clk 0:25:12]} 20. Qxd3 {[%clk 0:38:17]} Qxd3
{[%clk 0:24:35]} 21. Nxd3 {[%clk 0:38:35]} Rc3 {[%clk 0:24:24]} 22. Nc5
{[%clk 0:34:51]} Nxc5 {[%clk 0:18:51]} 23. bxc5 {[%clk 0:35:16]} Rc8
{[%clk 0:19:14]} 24. Rd6 {[%clk 0:25:13]} Ne4 {[%clk 0:13:53]} 25. Ra6
{[%clk 0:23:10]} R3xc5 {[%clk 0:13:43]} 26. h4 {[%clk 0:20:03]} Rc2
{[%clk 0:11:24]} 27. Rxa7 {[%clk 0:19:21]} Ra2 {[%clk 0:11:38]} 28. Rb1
{[%clk 0:16:20]} Nxf2 {[%clk 0:07:01]} 29. Rc7 {[%clk 0:13:22]} Rd8
{[%clk 0:04:33]} 30. Rbc1 {[%clk 0:09:42]} h6 {[%clk 0:04:14]} 31. R7c2
{[%clk 0:09:34]} Nd3 {[%clk 0:02:45]} 32. Rxa2 {[%clk 0:08:44]} Nxc1
{[%clk 0:03:10]} 33. Rc2 {[%clk 0:09:01]} Nb3 34. Rc3 {[%clk 0:07:09]} Nd2
{[%clk 0:02:23]} 35. a4 {[%clk 0:07:11]} Ra8 {[%clk 0:02:36]} 36. Ra3
{[%clk 0:07:04]} Nc4 {[%clk 0:02:36]} 37. Ra2 {[%clk 0:07:33]} Kf8
{[%clk 0:02:43]} 38. Kf2 {[%clk 0:07:51]} Ke7 {[%clk 0:03:02]} 39. Ke2
{[%clk 0:08:15]} Ke6 {[%clk 0:02:38]} 40. e4 {[%clk 0:07:40]} f5 {[%clk 0:01:51]}
41. Kf3 {[%clk 0:06:30]} Ra6 {[%clk 0:01:30]} 42. exf5+ {[%clk 0:06:51]} Kxf5
{[%clk 0:01:53]} 43. g4+ {[%clk 0:07:18]} Ke6 {[%clk 0:02:12]} 44. Ke4
{[%clk 0:06:01]} Nb6 {[%clk 0:02:04]} 45. a5 {[%clk 0:06:26]} Nc4
{[%clk 0:01:39]} 46. Ra4 {[%clk 0:05:26]} Nb6 {[%clk 0:01:25]} 47. Rd4
{[%clk 0:05:15]} Nd7 {[%clk 0:01:38]} 48. Bd2 {[%clk 0:02:32]} Nc5+
{[%clk 0:01:25]} 49. Kf4 {[%clk 0:02:55]} Kf7 {[%clk 0:00:50]} 50. Ke5
{[%clk 0:02:01]} Nb3 {[%clk 0:00:43]} 51. Rd7+ {[%clk 0:01:27]} Kg8
{[%clk 0:00:34]} 52. Bc3 {[%clk 0:01:13]} Nxa5 {[%clk 0:00:39]} 53. Kf4
{[%clk 0:01:18]} g5+ {[%clk 0:00:32]} 54. hxg5 {[%clk 0:01:40]} hxg5+
{[%clk 0:00:55]} 55. Kxg5 {[%clk 0:02:02]} Nc4 {[%clk 0:01:14]} 56. Kh5
{[%clk 0:01:24]} Rd6 {[%clk 0:00:37]} 57. Rg7+ {[%clk 0:01:39]} Kf8
{[%clk 0:00:47]} 58. Rc7 {[%clk 0:02:04]} Rd5+ {[%clk 0:00:40]} 59. g5
{[%clk 0:01:40]} Ne3 {[%clk 0:00:45]} 60. Kg6 {[%clk 0:01:53]} Ng4
{[%clk 0:00:34]} 61. Rc8+ {[%clk 0:01:58]} Ke7 {[%clk 0:01:00]} 62. Bf6+
{[%clk 0:02:24]} Kd7 {[%clk 0:00:38]} 63. Rd8+ {[%clk 0:02:48]} Ke6
{[%clk 0:01:03]} 64. Re8+ {[%clk 0:02:35]} Kd7 {[%clk 0:01:09]} 65. Re7+
{[%clk 0:02:06]} Kd6 {[%clk 0:01:21]} 66. Re2 {[%clk 0:02:18]} Rd3
{[%clk 0:00:52]} 67. Kf5 {[%clk 0:01:45]} Rg3 {[%clk 0:00:34]} 68. Rd2+
{[%clk 0:01:55]} Kc7 {[%clk 0:01:00]} 69. Kf4 {[%clk 0:02:07]} Nxf6
{[%clk 0:00:37]} 70. Kxg3 {[%clk 0:01:38]} Ne4+ {[%clk 0:01:01]} 71. Kf4
{[%clk 0:02:07]} Nxd2 {[%clk 0:01:22]} 72. g6 {[%clk 0:02:36]} Nc4
{[%clk 0:01:18]} 73. g7 {[%clk 0:03:02]} Nb6 {[%clk 0:01:34]} 74. g8=Q
{[%clk 0:03:20]} 1-0

[Event "EYCC 2024 - O14"]
[Site "?"]
[Date "2024.08.25"]
[Round "4.11"]
[White "Boulos, Paul"]
[Black "Cieslak, Patryk"]
[Result "0-1"]
[BlackElo "2374"]
[WhiteElo "2083"]
[LiveChessVersion "1.4.8"]

1. e4 {[%clk 1:30:57]} c5 {[%clk 1:30:58]} 2. Nf3 {[%clk 1:31:20]} Nc6
{[%clk 1:31:25]} 3. Bb5 {[%clk 1:31:36]} Nf6 {[%clk 1:31:50]} 4. Bxc6
{[%clk 1:29:24]} dxc6 {[%clk 1:30:58]} 5. d3 {[%clk 1:29:47]} Qc7
{[%clk 1:31:18]} 6. h3 {[%clk 1:23:54]} e5 {[%clk 1:28:54]} 7. Be3
{[%clk 1:21:49]} Be7 {[%clk 1:27:00]} 8. Nbd2 {[%clk 1:21:09]} O-O
{[%clk 1:25:19]} 9. O-O {[%clk 1:21:12]} Re8 {[%clk 1:15:30]} 10. Re1
{[%clk 1:09:13]} Nd7 {[%clk 1:10:40]} 11. Nf1 {[%clk 1:01:48]} Nf8
{[%clk 1:08:47]} 12. Ng3 {[%clk 1:00:23]} Ne6 {[%clk 0:56:19]} 13. Nf5
{[%clk 0:49:17]} Bf8 {[%clk 0:56:11]} 14. Ng5 {[%clk 0:37:01]} Nd4
{[%clk 0:47:38]} 15. Bxd4 {[%clk 0:30:56]} cxd4 {[%clk 0:45:02]} 16. Nf3
{[%clk 0:25:31]} g6 {[%clk 0:40:24]} 17. Ng3 {[%clk 0:25:48]} Bh6
{[%clk 0:38:00]} 18. a4 {[%clk 0:21:24]} f6 {[%clk 0:36:25]} 19. c3
{[%clk 0:18:29]} c5 {[%clk 0:35:08]} 20. c4 {[%clk 0:16:44]} Re6 {[%clk 0:33:41]}
21. Ne2 {[%clk 0:13:25]} Ra6 {[%clk 0:33:48]} 22. b3 {[%clk 0:11:38]} Bd7
{[%clk 0:34:06]} 23. Qc2 {[%clk 0:10:46]} Re6 {[%clk 0:32:36]} 24. Ng3
{[%clk 0:09:55]} Rf8 {[%clk 0:28:35]} 25. Re2 {[%clk 0:07:35]} Bf4
{[%clk 0:28:44]} 26. Rae1 {[%clk 0:06:30]} Kh8 {[%clk 0:28:58]} 27. Nf1
{[%clk 0:04:45]} Qb6 {[%clk 0:27:03]} 28. g3 {[%clk 0:02:41]} Bh6
{[%clk 0:26:33]} 29. N3h2 {[%clk 0:03:08]} Qd6 {[%clk 0:24:11]} 30. Ng4
{[%clk 0:02:19]} Bg7 {[%clk 0:24:40]} 31. f3 {[%clk 0:01:52]} Re7
{[%clk 0:24:54]} 32. Nfh2 {[%clk 0:01:01]} f5 {[%clk 0:22:35]} 33. Nf2
{[%clk 0:01:26]} f4 {[%clk 0:22:42]} 34. g4 {[%clk 0:01:18]} Bf6 {[%clk 0:23:05]}
35. Nh1 {[%clk 0:00:38]} Kg7 {[%clk 0:23:16]} 36. Rg2 {[%clk 0:00:43]} Bg5
{[%clk 0:23:38]} 37. Kf1 {[%clk 0:00:36]} Re6 {[%clk 0:23:58]} 38. Ke2
{[%clk 0:00:41]} Qa6 {[%clk 0:24:00]} 39. Nf1 {[%clk 0:00:38]} Rb6
{[%clk 0:23:17]} 40. Nd2 {[%clk 0:00:38]} Rb4 {[%clk 0:23:15]} 41. Rgg1
{[%clk 0:00:47]} Qd6 {[%clk 0:21:18]} 42. Ra1 {[%clk 0:00:45]} Qe7
{[%clk 0:21:33]} 43. Nf2 {[%clk 0:00:44]} Rf6 {[%clk 0:21:44]} 44. Rh1
{[%clk 0:00:43]} Rfb6 {[%clk 0:22:07]} 45. Rhb1 {[%clk 0:00:34]} Bh4
{[%clk 0:22:29]} 46. Rg1 {[%clk 0:00:33]} Bxf2 {[%clk 0:21:00]} 47. Kxf2
{[%clk 0:01:03]} Qh4+ {[%clk 0:21:26]} 48. Ke2 {[%clk 0:01:32]} Qxh3
{[%clk 0:21:35]} 49. Qd1 {[%clk 0:00:35]} h5 {[%clk 0:19:36]} 50. gxh5
{[%clk 0:00:37]} Qh2+ {[%clk 0:19:56]} 51. Kf1 {[%clk 0:00:58]} Bh3+
{[%clk 0:20:24]} 0-1

[Event "EYCC 2024 - O14"]
[Site "?"]
[Date "2024.08.25"]
[Round "4.12"]
[White "Stickler, Florentin"]
[Black "Brzezina, Piotr"]
[Result "0-1"]
[BlackElo "2341"]
[WhiteElo "2061"]
[LiveChessVersion "1.4.8"]

1. e4 {[%clk 1:30:59]} e5 {[%clk 1:29:29]} 2. Nf3 {[%clk 1:31:21]} Nc6
{[%clk 1:29:42]} 3. Bb5 {[%clk 1:31:46]} a6 {[%clk 1:30:09]} 4. Ba4
{[%clk 1:32:13]} Nge7 {[%clk 1:30:33]} 5. O-O {[%clk 1:31:35]} Ng6
{[%clk 1:30:36]} 6. c3 {[%clk 1:29:42]} d5 {[%clk 1:30:16]} 7. exd5
{[%clk 1:28:25]} Qxd5 {[%clk 1:30:38]} 8. Bb3 {[%clk 1:28:31]} Qd3
{[%clk 1:29:47]} 9. Bc2 {[%clk 1:27:26]} Qd6 {[%clk 1:29:59]} 10. d4
{[%clk 1:26:16]} Be6 {[%clk 1:17:21]} 11. dxe5 {[%clk 1:22:28]} Ngxe5
{[%clk 1:17:20]} 12. Bf4 {[%clk 1:19:30]} Qxd1 {[%clk 1:16:45]} 13. Bxd1
{[%clk 1:19:19]} Bd6 {[%clk 1:16:43]} 14. Nxe5 {[%clk 1:19:23]} Nxe5
{[%clk 1:16:24]} 15. Bxe5 {[%clk 1:15:27]} Bxe5 {[%clk 1:15:47]} 16. Re1
{[%clk 1:15:51]} O-O-O {[%clk 1:16:01]} 17. Bb3 {[%clk 1:08:43]} Bxb3
{[%clk 0:44:25]} 18. axb3 {[%clk 1:09:07]} Bd6 {[%clk 0:44:38]} 19. Ra4
{[%clk 1:06:12]} Rhe8 {[%clk 0:42:07]} 20. Kf1 {[%clk 1:04:31]} Rxe1+
{[%clk 0:42:04]} 21. Kxe1 {[%clk 1:04:55]} Re8+ {[%clk 0:42:30]} 22. Kd1
{[%clk 1:04:51]} Bxh2 {[%clk 0:29:24]} 23. Rh4 {[%clk 1:04:24]} Be5
{[%clk 0:25:17]} 24. Rxh7 {[%clk 1:04:46]} Kd7 {[%clk 0:25:34]} 25. Nd2
{[%clk 1:04:42]} Ke6 {[%clk 0:23:29]} 26. Nf3 {[%clk 1:00:25]} Bf6
{[%clk 0:23:40]} 27. g4 {[%clk 1:00:10]} Rd8+ {[%clk 0:19:39]} 28. Ke2
{[%clk 1:00:19]} Rd5 {[%clk 0:18:02]} 29. Ke3 {[%clk 0:56:41]} Rb5
{[%clk 0:16:09]} 30. Nd2 {[%clk 0:54:14]} g6 {[%clk 0:13:13]} 31. f4
{[%clk 0:53:02]} Rd5 {[%clk 0:07:40]} 32. Nf3 {[%clk 0:50:12]} c5
{[%clk 0:05:04]} 33. g5 {[%clk 0:48:50]} Be7 {[%clk 0:05:25]} 34. Nd2
{[%clk 0:42:52]} Rd7 {[%clk 0:03:04]} 35. Nf3 {[%clk 0:36:56]} Rd1
{[%clk 0:02:21]} 36. f5+ {[%clk 0:34:12]} gxf5 {[%clk 0:01:20]} 37. Rh6+
{[%clk 0:34:30]} f6 {[%clk 0:01:35]} 38. g6 {[%clk 0:34:16]} Rd8 {[%clk 0:00:34]}
39. Nh4 {[%clk 0:32:29]} Rg8 {[%clk 0:00:35]} 40. Rh7 {[%clk 0:30:39]} b5
{[%clk 0:00:54]} 41. b4 {[%clk 0:25:49]} cxb4 {[%clk 0:01:05]} 42. Nf3
{[%clk 0:23:58]} Bc5+ {[%clk 0:01:12]} 43. Kd3 {[%clk 0:23:35]} Rxg6
{[%clk 0:00:50]} 44. cxb4 {[%clk 0:23:48]} Rg3 {[%clk 0:00:32]} 45. Ke2
{[%clk 0:22:06]} Rg2+ {[%clk 0:00:51]} 46. Kd3 {[%clk 0:21:48]} Bxb4
{[%clk 0:00:57]} 47. Nd4+ {[%clk 0:20:17]} Kd5 {[%clk 0:01:13]} 48. Rd7+
{[%clk 0:16:30]} Kc5 {[%clk 0:01:26]} 49. Rc7+ {[%clk 0:16:12]} Kd6
{[%clk 0:01:21]} 50. Ra7 {[%clk 0:15:04]} Rd2+ {[%clk 0:01:44]} 51. Ke3
{[%clk 0:15:24]} Rxd4 {[%clk 0:02:01]} 52. Rxa6+ {[%clk 0:15:28]} Ke5
{[%clk 0:02:08]} 53. Rb6 {[%clk 0:15:28]} f4+ {[%clk 0:02:28]} 54. Kf3
{[%clk 0:15:38]} Rd5 {[%clk 0:02:44]} 55. Rb8 {[%clk 0:15:55]} Bd2
{[%clk 0:02:56]} 56. Re8+ {[%clk 0:16:01]} Kf5 {[%clk 0:03:01]} 57. Rh8
{[%clk 0:16:03]} Be3 {[%clk 0:03:04]} 58. Rh5+ {[%clk 0:15:20]} Ke6
{[%clk 0:03:27]} 59. Rh8 {[%clk 0:15:45]} Rd2 {[%clk 0:03:47]} 60. b3
{[%clk 0:14:47]} f5 {[%clk 0:04:00]} 61. Re8+ {[%clk 0:14:47]} Kf7
{[%clk 0:04:18]} 62. Re7+ {[%clk 0:15:12]} Kxe7 {[%clk 0:04:42]} 0-1

[Event "EYCC 2024 - O14"]
[Site "?"]
[Date "2024.08.25"]
[Round "4.13"]
[White "Balint, Peter"]
[Black "Boci, Mateo"]
[Result "1-0"]
[BlackElo "2052"]
[WhiteElo "2336"]
[LiveChessVersion "1.4.8"]

1. e4 {[%clk 1:30:59]} c5 {[%clk 1:30:53]} 2. Nf3 {[%clk 1:31:22]} Nc6
{[%clk 1:31:13]} 3. d4 {[%clk 1:31:49]} cxd4 {[%clk 1:31:32]} 4. Nxd4
{[%clk 1:32:15]} Nf6 {[%clk 1:31:47]} 5. Nc3 {[%clk 1:32:43]} e5 {[%clk 1:32:05]}
6. Ndb5 {[%clk 1:33:09]} d6 {[%clk 1:32:26]} 7. Bg5 {[%clk 1:33:34]} a6
{[%clk 1:32:46]} 8. Na3 {[%clk 1:34:01]} b5 {[%clk 1:33:08]} 9. Nd5
{[%clk 1:34:27]} Be7 {[%clk 1:33:28]} 10. Bxf6 {[%clk 1:34:51]} Bxf6
{[%clk 1:33:50]} 11. c4 {[%clk 1:35:16]} b4 {[%clk 1:34:09]} 12. Nc2
{[%clk 1:35:40]} a5 {[%clk 1:34:29]} 13. g3 {[%clk 1:36:02]} Bg5 {[%clk 1:34:20]}
14. h4 {[%clk 1:35:48]} Bh6 {[%clk 1:34:33]} 15. Bh3 {[%clk 1:34:57]} Bxh3
{[%clk 1:30:54]} 16. Rxh3 {[%clk 1:34:40]} O-O {[%clk 1:30:58]} 17. Kf1
{[%clk 1:23:13]} Kh8 {[%clk 1:24:12]} 18. Kg2 {[%clk 1:21:59]} Rb8
{[%clk 1:10:36]} 19. b3 {[%clk 1:11:21]} Qd7 {[%clk 1:09:24]} 20. Qd3
{[%clk 1:05:32]} Nd8 {[%clk 1:05:46]} 21. a3 {[%clk 0:55:59]} bxa3
{[%clk 1:04:55]} 22. Nxa3 {[%clk 0:56:24]} Ne6 {[%clk 0:55:22]} 23. Nb5
{[%clk 0:55:07]} Nc5 {[%clk 0:55:21]} 24. Qc2 {[%clk 0:55:32]} f5
{[%clk 0:32:07]} 25. exf5 {[%clk 0:46:45]} Rxf5 {[%clk 0:31:58]} 26. g4
{[%clk 0:44:05]} Rf7 {[%clk 0:31:52]} 27. g5 {[%clk 0:40:28]} Rbf8
{[%clk 0:32:01]} 28. f3 {[%clk 0:35:33]} e4 {[%clk 0:19:00]} 29. f4
{[%clk 0:34:36]} Ne6 {[%clk 0:18:33]} 30. Rf1 {[%clk 0:32:36]} Bxg5
{[%clk 0:16:05]} 31. hxg5 {[%clk 0:32:24]} Nxg5 {[%clk 0:16:02]} 32. Rg3
{[%clk 0:31:39]} Nf3 {[%clk 0:15:52]} 33. Rh1 {[%clk 0:27:09]} Re8
{[%clk 0:13:09]} 34. Nbc7 {[%clk 0:26:45]} Nd4 {[%clk 0:10:58]} 35. Qd1
{[%clk 0:26:41]} Nf5 {[%clk 0:10:48]} 36. Rgh3 {[%clk 0:26:20]} h6
{[%clk 0:10:46]} 37. Nxe8 {[%clk 0:26:29]} Qxe8 {[%clk 0:11:07]} 38. Ne3
{[%clk 0:25:22]} Ne7 {[%clk 0:10:27]} 39. Qxd6 {[%clk 0:25:42]} Rf6
{[%clk 0:10:44]} 40. Qe5 {[%clk 0:25:32]} Qg6+ {[%clk 0:10:28]} 41. Rg3
{[%clk 0:25:38]} Qf7 {[%clk 0:10:48]} 42. Ng4 {[%clk 0:25:36]} Nc6
{[%clk 0:09:28]} 43. Qxf6 {[%clk 0:25:33]} 1-0

[Event "EYCC 2024 - O14"]
[Site "?"]
[Date "2024.08.25"]
[Round "4.14"]
[White "Meszaros, Casey Ryan"]
[Black "Zakin, Ilay"]
[Result "0-1"]
[BlackElo "2235"]
[WhiteElo "2035"]
[LiveChessVersion "1.4.8"]

1. e4 {[%clk 1:30:52]} c5 {[%clk 1:30:57]} 2. Nf3 {[%clk 1:31:02]} g6
{[%clk 1:31:18]} 3. c4 {[%clk 1:31:23]} Bg7 {[%clk 1:31:34]} 4. d4
{[%clk 1:31:42]} Qa5+ {[%clk 1:31:58]} 5. Nc3 {[%clk 1:31:08]} Nf6
{[%clk 1:32:12]} 6. Qd3 {[%clk 1:08:24]} O-O {[%clk 1:15:40]} 7. Be2
{[%clk 1:03:47]} d6 {[%clk 1:11:17]} 8. O-O {[%clk 1:02:05]} Nfd7
{[%clk 0:58:43]} 9. Nd5 {[%clk 0:53:57]} Qd8 {[%clk 0:58:20]} 10. Be3
{[%clk 0:48:34]} Nc6 {[%clk 0:58:06]} 11. Qd2 {[%clk 0:43:43]} cxd4
{[%clk 0:56:10]} 12. Nxd4 {[%clk 0:43:47]} Nc5 {[%clk 0:56:13]} 13. f3
{[%clk 0:39:46]} Ne6 {[%clk 0:54:31]} 14. Nxe6 {[%clk 0:39:36]} fxe6
{[%clk 0:46:20]} 15. Nc3 {[%clk 0:39:00]} e5 {[%clk 0:46:24]} 16. Rfd1
{[%clk 0:38:23]} Nd4 {[%clk 0:46:18]} 17. Rac1 {[%clk 0:33:00]} b6
{[%clk 0:42:58]} 18. Nb5 {[%clk 0:31:54]} Ne6 {[%clk 0:40:28]} 19. Qd5
{[%clk 0:28:25]} Bd7 {[%clk 0:39:54]} 20. b4 {[%clk 0:26:43]} a6 {[%clk 0:28:19]}
21. Na3 {[%clk 0:25:33]} a5 {[%clk 0:28:12]} 22. c5 {[%clk 0:17:00]} axb4
{[%clk 0:27:49]} 23. c6 {[%clk 0:16:31]} Rxa3 {[%clk 0:18:09]} 24. cxd7
{[%clk 0:16:19]} Kf7 {[%clk 0:18:24]} 25. Bb5 {[%clk 0:13:09]} Rc3
{[%clk 0:17:02]} 26. Rxc3 {[%clk 0:12:37]} bxc3 {[%clk 0:17:31]} 27. Rc1
{[%clk 0:07:52]} Qc7 {[%clk 0:17:48]} 28. Qb3 {[%clk 0:08:07]} Kf6
{[%clk 0:15:56]} 29. h4 {[%clk 0:07:19]} h6 {[%clk 0:15:54]} 30. Rxc3
{[%clk 0:07:13]} Nc5 {[%clk 0:16:05]} 31. Bxc5 {[%clk 0:06:46]} bxc5
{[%clk 0:16:13]} 32. a4 {[%clk 0:06:42]} e6 {[%clk 0:15:38]} 33. Qc2
{[%clk 0:06:44]} Ke7 {[%clk 0:15:41]} 34. Qa2 {[%clk 0:05:40]} Qa5
{[%clk 0:15:15]} 35. Qc4 {[%clk 0:05:44]} h5 {[%clk 0:14:48]} 36. Rc1
{[%clk 0:05:07]} Bh6 {[%clk 0:14:07]} 37. Rd1 {[%clk 0:05:28]} Be3+
{[%clk 0:13:29]} 38. Kf1 {[%clk 0:05:21]} Rf4 {[%clk 0:13:11]} 39. Qd3
{[%clk 0:05:33]} Bd4 {[%clk 0:13:30]} 40. g3 {[%clk 0:05:23]} Rf8
{[%clk 0:13:49]} 41. Kg2 {[%clk 0:05:24]} Rb8 {[%clk 0:13:00]} 42. Qd2
{[%clk 0:05:25]} Qxd2+ {[%clk 0:13:18]} 43. Rxd2 {[%clk 0:05:54]} d5
{[%clk 0:13:36]} 44. Re2 {[%clk 0:05:30]} c4 {[%clk 0:13:17]} 45. f4
{[%clk 0:05:33]} Kd6 {[%clk 0:13:12]} 46. fxe5+ {[%clk 0:04:35]} Bxe5
{[%clk 0:13:34]} 47. exd5 {[%clk 0:03:39]} exd5 {[%clk 0:13:57]} 48. a5
{[%clk 0:02:49]} Bf6 {[%clk 0:13:33]} 49. Ba4 {[%clk 0:03:03]} Ra8
{[%clk 0:12:31]} 50. Re8 {[%clk 0:02:03]} Bd8 {[%clk 0:12:02]} 51. Rg8
{[%clk 0:01:54]} Rxa5 {[%clk 0:11:54]} 52. Rxg6+ {[%clk 0:02:15]} Kc7
{[%clk 0:11:52]} 53. Bd1 {[%clk 0:01:52]} d4 {[%clk 0:11:50]} 54. Bf3
{[%clk 0:01:36]} Rc5 {[%clk 0:11:54]} 55. Ra6 {[%clk 0:01:45]} c3
{[%clk 0:11:57]} 56. Ra7+ {[%clk 0:01:46]} Kd6 {[%clk 0:12:15]} 57. Ra6+
{[%clk 0:02:09]} Kxd7 {[%clk 0:12:35]} 58. Ra1 {[%clk 0:02:22]} c2
{[%clk 0:12:39]} 59. Rc1 {[%clk 0:02:29]} d3 {[%clk 0:13:05]} 0-1

[Event "EYCC 2024 - O14"]
[Site "?"]
[Date "2024.08.25"]
[Round "4.15"]
[White "Durucay, Uygar"]
[Black "Ral Lustig, Melvin"]
[Result "1-0"]
[BlackElo "2019"]
[WhiteElo "2234"]
[LiveChessVersion "1.4.8"]

1. d4 {[%clk 1:30:37]} Nf6 {[%clk 1:30:51]} 2. Nf3 {[%clk 1:31:01]} g6
{[%clk 1:31:15]} 3. Bg5 {[%clk 1:31:16]} Bg7 {[%clk 1:31:20]} 4. Nbd2
{[%clk 1:31:31]} O-O {[%clk 1:31:38]} 5. e3 {[%clk 1:31:37]} h6 {[%clk 1:31:48]}
6. Bh4 {[%clk 1:32:00]} d5 {[%clk 1:31:41]} 7. c3 {[%clk 1:31:37]} Bf5
{[%clk 1:30:26]} 8. Be2 {[%clk 1:31:17]} Nbd7 {[%clk 1:29:57]} 9. O-O
{[%clk 1:31:15]} c5 {[%clk 1:18:21]} 10. h3 {[%clk 1:16:22]} Qb6 {[%clk 1:00:14]}
11. Qb3 {[%clk 1:16:17]} Qxb3 {[%clk 0:49:44]} 12. axb3 {[%clk 1:16:14]} g5
{[%clk 0:43:56]} 13. Bg3 {[%clk 1:16:26]} a6 {[%clk 0:43:37]} 14. Ra5
{[%clk 1:07:53]} Rfc8 {[%clk 0:39:00]} 15. Rfa1 {[%clk 1:05:36]} e6
{[%clk 0:30:40]} 16. dxc5 {[%clk 0:59:13]} Rxc5 {[%clk 0:28:22]} 17. b4
{[%clk 0:58:44]} Rxa5 {[%clk 0:28:09]} 18. Rxa5 {[%clk 0:58:57]} Rc8
{[%clk 0:22:17]} 19. b5 {[%clk 0:58:27]} axb5 {[%clk 0:22:01]} 20. Bxb5
{[%clk 0:58:30]} Nc5 {[%clk 0:20:33]} 21. Ra7 {[%clk 0:58:47]} b6
{[%clk 0:18:39]} 22. Ne5 {[%clk 0:56:12]} Nfe4 {[%clk 0:17:29]} 23. Nxe4
{[%clk 0:56:19]} Nxe4 {[%clk 0:17:49]} 24. Nc6 {[%clk 0:53:55]} Bf8
{[%clk 0:16:30]} 25. Bc7 {[%clk 0:49:03]} Bc5 {[%clk 0:10:30]} 26. Be5
{[%clk 0:48:02]} Kf8 {[%clk 0:09:15]} 27. b4 {[%clk 0:46:26]} Bd6
{[%clk 0:05:54]} 28. f3 {[%clk 0:46:10]} Bxe5 {[%clk 0:03:48]} 29. fxe4
{[%clk 0:46:30]} Rxc6 {[%clk 0:03:53]} 30. Bxc6 {[%clk 0:46:44]} Bxe4
{[%clk 0:03:57]} 31. c4 {[%clk 0:46:53]} Bd6 {[%clk 0:03:46]} 32. b5
{[%clk 0:43:42]} Bc5 {[%clk 0:03:56]} 33. Rd7 {[%clk 0:38:52]} Bxe3+
{[%clk 0:03:53]} 34. Kh1 {[%clk 0:39:21]} Kg7 {[%clk 0:01:33]} 35. cxd5
{[%clk 0:39:44]} exd5 {[%clk 0:02:02]} 36. Bxd5 {[%clk 0:40:05]} Bxd5 37. Rxd5
{[%clk 0:40:34]} Kg6 {[%clk 0:01:35]} 38. g4 {[%clk 0:40:18]} f6 {[%clk 0:01:26]}
39. Kg2 {[%clk 0:39:44]} Kf7 {[%clk 0:01:20]} 40. Rd6 {[%clk 0:39:50]} Kg6
{[%clk 0:00:58]} 41. Kf3 {[%clk 0:40:12]} Bc5 {[%clk 0:01:10]} 42. Rc6
{[%clk 0:40:33]} Bg1 {[%clk 0:01:22]} 43. Ke4 {[%clk 0:39:34]} Bf2
{[%clk 0:00:49]} 44. Kd5 {[%clk 0:38:38]} h5 {[%clk 0:01:02]} 45. gxh5+
{[%clk 0:37:50]} Kxh5 {[%clk 0:01:15]} 46. Rxf6 {[%clk 0:38:14]} Bg1
{[%clk 0:01:12]} 47. Ke4 {[%clk 0:38:26]} Bc5 {[%clk 0:00:36]} 48. Kf5
{[%clk 0:38:39]} Be3 {[%clk 0:00:57]} 49. Rg6 {[%clk 0:38:57]} Kh4
{[%clk 0:00:55]} 50. Rh6+ {[%clk 0:39:26]} Kg3 {[%clk 0:01:18]} 51. Rh5
{[%clk 0:39:53]} 1-0

[Event "EYCC 2024 - O14"]
[Site "?"]
[Date "2024.08.25"]
[Round "4.16"]
[White "Malinowsky, Levi"]
[Black "Zander, Emil"]
[Result "1/2-1/2"]
[BlackElo "2152"]
[WhiteElo "2006"]
[LiveChessVersion "1.4.8"]

1. Nf3 {[%clk 1:30:56]} Nf6 {[%clk 1:30:43]} 2. e3 {[%clk 1:30:52]} d5
{[%clk 1:29:37]} 3. c4 {[%clk 1:29:50]} e6 {[%clk 1:28:18]} 4. b3
{[%clk 1:29:37]} Bd6 {[%clk 1:23:21]} 5. Bb2 {[%clk 1:29:04]} Nbd7
{[%clk 1:22:36]} 6. Be2 {[%clk 1:28:33]} O-O {[%clk 1:16:50]} 7. O-O
{[%clk 1:27:19]} b6 {[%clk 1:16:02]} 8. d4 {[%clk 1:18:30]} Bb7 {[%clk 1:15:56]}
9. Nbd2 {[%clk 1:16:00]} Ne4 {[%clk 1:14:32]} 10. Nxe4 {[%clk 1:02:27]} dxe4
{[%clk 1:14:14]} 11. Ne5 {[%clk 1:01:37]} Bxe5 {[%clk 1:10:17]} 12. dxe5
{[%clk 1:01:49]} Qe7 {[%clk 1:08:57]} 13. Qc2 {[%clk 0:57:48]} Rfd8
{[%clk 1:08:21]} 14. Rfd1 {[%clk 0:56:06]} Nf8 {[%clk 1:05:03]} 15. Rxd8
{[%clk 0:42:44]} Rxd8 {[%clk 1:05:12]} 16. Rd1 {[%clk 0:42:34]} Rxd1+
{[%clk 1:05:28]} 17. Qxd1 {[%clk 0:42:38]} Ng6 {[%clk 1:05:18]} 18. g3
{[%clk 0:40:54]} Kf8 {[%clk 1:02:23]} 19. h4 {[%clk 0:36:59]} Ke8
{[%clk 1:01:37]} 20. Kh2 {[%clk 0:35:49]} Nf8 {[%clk 0:59:04]} 21. a3
{[%clk 0:32:56]} c5 {[%clk 0:52:15]} 22. Bf1 {[%clk 0:31:11]} Qc7
{[%clk 0:45:50]} 23. Bg2 {[%clk 0:30:11]} g6 {[%clk 0:44:16]} 24. Qc2
{[%clk 0:26:31]} Qc6 {[%clk 0:40:59]} 25. Bc3 {[%clk 0:22:40]} Nd7
{[%clk 0:37:38]} 26. Kh3 {[%clk 0:20:13]} h5 {[%clk 0:34:14]} 27. g4
{[%clk 0:18:11]} hxg4+ {[%clk 0:34:01]} 28. Kxg4 {[%clk 0:18:34]} Qc8
{[%clk 0:30:09]} 29. Kh3 {[%clk 0:16:19]} Qa8 {[%clk 0:28:33]} 30. h5
{[%clk 0:12:29]} gxh5 {[%clk 0:28:21]} 31. Qd1 {[%clk 0:12:39]} Nf8
{[%clk 0:27:34]} 32. Qxh5 {[%clk 0:12:52]} Qd8 {[%clk 0:27:48]} 33. Bf1
{[%clk 0:11:52]} Ng6 {[%clk 0:26:55]} 34. Be2 {[%clk 0:11:50]} Kd7
{[%clk 0:19:36]} 35. Bg4 {[%clk 0:11:19]} 1/2-1/2